Can You Name every Coaster to Ever Operate at Cedar Point? - Statistics

General Stats
  • This quiz has been taken 63 times
  • The average score is 21 of 35
Answer Stats
Hint Answer % Correct
2018 Steel Vengeance
92%
2007 Maverick
89%
2000 Millennium Force
89%
2016 Valravn
89%
1964 Blue Streak
86%
2013 Gatekeeper
86%
1994 Raptor
86%
2003 Top Thrill Dragster
86%
1996 Rougarou
84%
1978 Gemini
81%
1989 Magnum XL 200
81%
1959 Wild Mouse
81%
2023 Wild Mouse
81%
1976 Corkscrew
78%
1987 Iron Dragon
78%
2002 Wicked Twister
78%
1999 Woodstock Express
78%
1969 Cedar Creek Mine Ride
76%
1991 Mean Streak
76%
1979 Wilderness Run
68%
1985 Disaster Transport
57%
1892 Switchback Railway
51%
1970 Wildcat
49%
1979 Wildcat
49%
1929 Cyclone
38%
1972 Jumbo Jet
38%
1912 Leap The Dips
32%
1910 Racer
27%
1964 Broadway Trip
14%
1918 High Frolics
14%
1952 Little Dipper
14%
1962 Scamper
11%
1953 Super Coaster
11%
1908 Dip The Dips Scenic Railway
8%
1902 Loop The Loop
8%
No matching quizzes found
Score Distribution
Percent of People with Each Score
Percentile by Number Answered
Your Score History
You have not taken this quiz